[Event "Ontario op"]
[Site "Ottawa CAN"]
[Date "2017.05.20"]
[Round "2"]
[White "Marin, Sam"]
[Black "Cai, Jason"]
[Result "0-1"]
[WhiteElo "2027"]
[BlackElo "1946"]
[WhiteFideId "-1"]
[WhiteFideId "-1"]
[PlyCount "132"]
[GameId "2160767908411359"]
[EventDate "2017.05.20"]
[EventType "swiss"]
[EventRounds "6"]
[EventCountry "CAN"]
[SourceTitle "EXT 2022"]
[Source "ChessBase"]
[SourceDate "2021.10.06"]
[SourceVersion "1"]
[SourceVersionDate "2021.10.06"]
[SourceQuality "1"]

1. Nf3 e6 2. e4 d5 3. exd5 exd5 4. d4 Nc6 5. Bb5 Bd6 6. O-O Nge7 7. Re1 Bg4 8. h3 Bh5 9. c3 O-O 10. Nbd2 a6 11. Bd3 Ng6 12. Bxg6 Bxg6 13. Ne5 Bf5 14. Ndf3 Re8 15. Bf4 Na5 16. b3 f6 17. Nd3 Bxf4 18. Nxf4 Qd6 19. Qd2 b6 20. Rxe8+ Rxe8 21. Re1 Re4 22. Nd3 Nb7 23. Nb4 a5 24. Nc2 Qe6 25. Ne3 Bg6 26. c4 dxc4 27. bxc4 h6 28. d5 Qd7 29. Nd4 Nc5 30. Nb3 Nb7 31. Nd4 a4 32. f3 Re8 33. Ng4 h5 34. Ne3 Nc5 35. Nec2 Kf7 36. Nb4 Rxe1+ 37. Qxe1 Qe8 38. Qxe8+ Kxe8 39. Kf2 Nd3+ 40. Nxd3 Bxd3 41. a3 Bxc4 42. Ne6 b5 43. Nxc7+ Kd7 44. Na6 Kd6 45. h4 Kxd5 46. Ke3 Bf1 47. g4 hxg4 48. fxg4 Kc4 49. Nb4 Kb3 50. Kd4 Kxa3 51. Kc3 Be2 52. g5 fxg5 53. hxg5 Bc4 54. Nc2+ Ka2 55. Nb4+ Kb1 56. Nc2 g6 57. Na3+ Ka2 58. Nc2 Kb1 59. Na3+ Kc1 60. Nc2 Kd1 61. Ne3+ Ke2 62. Ng4 Bf7 63. Kb4 Be8 64. Nf6 Bc6 65. Ng4 Kf1 66. Ne5 Be8 0-1

[Event "Ontario op"]
[Site "Ottawa CAN"]
[Date "2017.05.20"]
[Round "2"]
[White "Sambuev, Bator"]
[Black "Yao, Sammy"]
[Result "1-0"]
[WhiteElo "2599"]
[BlackElo "2083"]
[WhiteFideId "-1"]
[WhiteFideId "-1"]
[PlyCount "55"]
[GameId "2160767908411360"]
[EventDate "2017.05.20"]
[EventType "swiss"]
[EventRounds "6"]
[EventCountry "CAN"]
[SourceTitle "EXT 2022"]
[Source "ChessBase"]
[SourceDate "2021.10.06"]
[SourceVersion "1"]
[SourceVersionDate "2021.10.06"]
[SourceQuality "1"]

1. Nf3 g6 2. c4 Bg7 3. Nc3 d6 4. d4 Nd7 5. e4 c6 6. Be2 Qc7 7. O-O e5 8. d5 Ne7 9. dxc6 bxc6 10. Qd2 Nc5 11. Rd1 Nb7 12. b4 O-O 13. a4 h6 14. a5 a6 15. Qc2 Be6 16. Be3 c5 17. Nd5 Bxd5 18. cxd5 Rfc8 19. bxc5 Nxc5 20. Nd2 Qd8 21. Nc4 Rc7 22. Rab1 f5 23. f3 fxe4 24. fxe4 Raa7 25. Rb6 Nc8 26. Rc6 Rxc6 27. dxc6 Qc7 28. Nxd6 1-0

[Event "Ontario op"]
[Site "Ottawa CAN"]
[Date "2017.05.21"]
[Round "3"]
[White "Cai, Jason"]
[Black "Yie, Kevin"]
[Result "1-0"]
[WhiteElo "1946"]
[BlackElo "2146"]
[WhiteFideId "-1"]
[WhiteFideId "-1"]
[PlyCount "97"]
[GameId "2160767908411363"]
[EventDate "2017.05.20"]
[EventType "swiss"]
[EventRounds "6"]
[EventCountry "CAN"]
[SourceTitle "EXT 2022"]
[Source "ChessBase"]
[SourceDate "2021.10.06"]
[SourceVersion "1"]
[SourceVersionDate "2021.10.06"]
[SourceQuality "1"]

1. e4 c5 2. Nf3 e6 3. d4 cxd4 4. Nxd4 a6 5. c4 Nf6 6. Nc3 d6 7. Be2 Be7 8. O-O O-O 9. Be3 Nbd7 10. Qd2 Qc7 11. f3 b6 12. a4 Bb7 13. a5 bxa5 14. Nb3 Rfb8 15. Nxa5 Bc8 16. Rfc1 Ne5 17. Na4 Nc6 18. Nxc6 Qxc6 19. b4 Bd8 20. e5 Ne8 21. c5 d5 22. Nb6 Bxb6 23. cxb6 Qd7 24. Bd1 Qd8 25. Ra5 Bb7 26. Be2 Bc8 27. Qd4 Bb7 28. Rca1 Qd7 29. Bxa6 Bxa6 30. Rxa6 Rxa6 31. Rxa6 Qb5 32. Ra5 Qe2 33. Qd2 Qc4 34. h3 f6 35. f4 fxe5 36. fxe5 g6 37. Qd4 Qe2 38. Bh6 Ng7 39. Bxg7 Kxg7 40. Ra7+ Kg8 41. Qh4 Qh5 42. Qf6 Qh6 43. Qxe6+ Kh8 44. Qf6+ Kg8 45. e6 Rf8 46. Rf7 Rxf7 47. Qxf7+ Kh8 48. Qf6+ Kg8 49. e7 1-0

[Event "Ontario op"]
[Site "Ottawa CAN"]
[Date "2017.05.21"]
[Round "3"]
[White "Liu, Lambert"]
[Black "Nicholson, Matthew"]
[Result "1/2-1/2"]
[WhiteElo "2189"]
[BlackElo "2043"]
[WhiteFideId "-1"]
[WhiteFideId "-1"]
[PlyCount "50"]
[GameId "2160767908411364"]
[EventDate "2017.05.20"]
[EventType "swiss"]
[EventRounds "6"]
[EventCountry "CAN"]

1. e4 c5 2. Nf3 d6 3. d4 cxd4 4. Nxd4 Nf6 5. Nc3 g6 6. Be3 Bg7 7. f3 O-O 8. Qd2 Nc6 9. O-O-O d5 10. Kb1 Nxd4 11. e5 Nf5 12. exf6 exf6 13. Bc5 d4 14. Bxf8 Qxf8 15. Nb5 Ne3 16. Re1 f5 17. Nxd4 f4 18. Rxe3 fxe3 19. Qxe3 Qd6 20. c3 Bxd4 21. Qxd4 Bf5+ 22. Ka1 Qxd4 23. cxd4 Rd8 24. Be2 Rxd4 25. Rd1 Rxd1+ 1/2-1/2

[Event "Ontario op"]
[Site "Ottawa CAN"]
[Date "2017.05.21"]
[Round "3"]
[White "Upper, John"]
[Black "Donev, Danail"]
[Result "0-1"]
[WhiteElo "2181"]
[BlackElo "1956"]
[WhiteFideId "-1"]
[WhiteFideId "-1"]
[PlyCount "60"]
[GameId "2160767908411366"]
[EventDate "2017.05.20"]
[EventType "swiss"]
[EventRounds "6"]
[EventCountry "CAN"]

1. c4 e5 2. Nc3 Nf6 3. Nf3 Nc6 4. e3 d5 5. cxd5 Nxd5 6. Bb5 Nxc3 7. bxc3 Bd7 8. d4 exd4 9. cxd4 Be7 10. O-O O-O 11. Rb1 a6 12. Bd3 Rb8 13. Bd2 Be6 14. Qc2 g6 15. Rfc1 Ba3 16. Rd1 Qd6 17. Ng5 Bd5 18. e4 Nxd4 19. Qc3 Bxa2 20. Ra1 Bb3 21. Rdb1 Bc5 22. e5 Qd5 23. Ne4 Qxe4 24. Bxe4 Ne2+ 25. Kf1 Nxc3 26. Bxc3 Bc4+ 27. Ke1 c6 28. Ba5 Bb5 29. Rd1 b6 30. Rac1 Ba3 0-1

[Event "Ontario op"]
[Site "Ottawa CAN"]
[Date "2017.05.21"]
[Round "3"]
[White "Yao, Sammy"]
[Black "Marin, Sam"]
[Result "1-0"]
[WhiteElo "2083"]
[BlackElo "2027"]
[WhiteFideId "-1"]
[WhiteFideId "-1"]
[PlyCount "145"]
[GameId "2160767908411368"]
[EventDate "2017.05.20"]
[EventType "swiss"]
[EventRounds "6"]
[EventCountry "CAN"]
[SourceTitle "EXT 2022"]
[Source "ChessBase"]
[SourceDate "2021.10.06"]
[SourceVersion "1"]
[SourceVersionDate "2021.10.06"]
[SourceQuality "1"]

1. c4 c5 2. g3 Nc6 3. Bg2 g6 4. Nc3 Bg7 5. d3 d6 6. e4 e5 7. Nge2 Nge7 8. O-O Rb8 9. Be3 a6 10. Qd2 b5 11. cxb5 axb5 12. Bh6 O-O 13. Bxg7 Kxg7 14. f4 b4 15. Nd1 Bg4 16. Ne3 Bxe2 17. Qxe2 Nd4 18. Qd2 exf4 19. Rxf4 Ne6 20. Rf2 f6 21. Ng4 Ng8 22. h4 h5 23. Ne3 Nd4 24. Nc4 Nh6 25. Ne3 Qd7 26. Kh2 Ng4+ 27. Nxg4 hxg4 28. Qf4 Qe6 29. a3 bxa3 30. Rxa3 Ra8 31. Rxa8 Rxa8 32. Qe3 Ra1 33. b4 Qe5 34. bxc5 Qxc5 35. Qd2 Rc1 36. Qb2 Rc2 37. Rxc2 Nxc2 38. Qb7+ Kf8 39. Qb8+ Ke7 40. Qb7+ Ke6 41. Qb8 Kd7 42. Qb7+ Qc7 43. Qd5 Ne3 44. Qf7+ Kc8 45. Qe8+ Kb7 46. Qb5+ Qb6 47. Qd7+ Kb8 48. Qe8+ Ka7 49. Qf7+ Ka6 50. Qxf6 Nxg2 51. Kxg2 Qb4 52. Qf4 Qb2+ 53. Qf2 Qb1 54. Qe2 Kb6 55. d4 Qb4 56. Qxg4 Qd2+ 57. Kh3 Qxd4 58. Qxg6 Qd3 59. Kg4 Qe2+ 60. Kg5 Qe3+ 61. Kh5 Qf3+ 62. g4 Qf8 63. g5 Qh8+ 64. Kg4 Qc8+ 65. Qf5 Qc2 66. g6 Qg2+ 67. Kh5 Qg3 68. Qg5 Qf3+ 69. Kh6 Qxe4 70. h5 Qe6 71. Kh7 Qe4 72. h6 Qb7+ 73. g7 1-0

[Event "Ontario op"]
[Site "Ottawa CAN"]
[Date "2017.05.21"]
[Round "4"]
[White "Nicholson, Matthew"]
[Black "Yie, Kevin"]
[Result "1-0"]
[WhiteElo "2043"]
[BlackElo "2146"]
[WhiteFideId "-1"]
[WhiteFideId "-1"]
[PlyCount "51"]
[GameId "2160767908411371"]
[EventDate "2017.05.20"]
[EventType "swiss"]
[EventRounds "6"]
[EventCountry "CAN"]
[SourceTitle "EXT 2022"]
[Source "ChessBase"]
[SourceDate "2021.10.06"]
[SourceVersion "1"]
[SourceVersionDate "2021.10.06"]
[SourceQuality "1"]

1. d4 d5 2. Bf4 Nf6 3. e3 c5 4. c3 Nc6 5. Nd2 Bf5 6. Qb3 Qb6 7. dxc5 Qxb3 8. axb3 e5 9. Bg3 Bxc5 10. b4 Bd6 11. Ngf3 Nh5 12. Bb5 Nxg3 13. hxg3 O-O 14. Bxc6 bxc6 15. Ra6 Rfc8 16. Ke2 Bb8 17. Nb3 Be4 18. Na5 c5 19. Nc6 cxb4 20. Ne7+ Kf8 21. Nxc8 Bc7 22. Nxa7 bxc3 23. bxc3 Rb8 24. Nc6 Rb2+ 25. Nd2 Bxg2 26. Ra8+ 1-0

[Event "Ontario op"]
[Site "Ottawa CAN"]
[Date "2017.05.21"]
[Round "4"]
[White "Sambuev, Bator"]
[Black "Gordon, David"]
[Result "1-0"]
[WhiteElo "2599"]
[BlackElo "2315"]
[WhiteFideId "-1"]
[WhiteFideId "-1"]
[PlyCount "59"]
[GameId "2160767908411372"]
[EventDate "2017.05.20"]
[EventType "swiss"]
[EventRounds "6"]
[EventCountry "CAN"]
[SourceTitle "EXT 2022"]
[Source "ChessBase"]
[SourceDate "2021.10.06"]
[SourceVersion "1"]
[SourceVersionDate "2021.10.06"]
[SourceQuality "1"]

1. d4 Nf6 2. c4 c5 3. d5 e6 4. Nc3 exd5 5. cxd5 d6 6. e4 g6 7. Bb5+ Bd7 8. a4 Bg7 9. Nf3 O-O 10. Nd2 Bxb5 11. axb5 Nbd7 12. O-O Ne8 13. Nc4 Nb6 14. Ne3 Nc7 15. f4 Qd7 16. f5 Bd4 17. Ne2 Be5 18. Ng4 Nxb5 19. Bh6 f6 20. Bxf8 Rxf8 21. Nxe5 dxe5 22. fxg6 hxg6 23. Ng3 a6 24. Rc1 c4 25. Rc2 Nd4 26. Rcf2 Kg7 27. h4 Nc8 28. h5 f5 29. exf5 gxf5 30. Nxf5+ 1-0

[Event "Ontario op"]
[Site "Ottawa CAN"]
[Date "2017.05.22"]
[Round "5"]
[White "Nicholson, Matthew"]
[Black "Yao, Sammy"]
[Result "1-0"]
[WhiteElo "2328"]
[BlackElo "2083"]
[WhiteFideId "-1"]
[WhiteFideId "-1"]
[PlyCount "37"]
[GameId "2160767908411376"]
[EventDate "2017.05.20"]
[EventType "swiss"]
[EventRounds "6"]
[EventCountry "CAN"]
[SourceTitle "EXT 2022"]
[Source "ChessBase"]
[SourceDate "2021.10.06"]
[SourceVersion "1"]
[SourceVersionDate "2021.10.06"]
[SourceQuality "1"]

1. d4 d6 2. e4 g6 3. Nc3 Bg7 4. f4 a6 5. Nf3 b5 6. Bd3 Bb7 7. e5 Nh6 8. a4 b4 9. Ne4 O-O 10. Neg5 e6 11. h4 c5 12. h5 cxd4 13. Nxh7 Kxh7 14. Ng5+ Kg8 15. hxg6 f6 16. Nxe6 Qe7 17. f5 Bxg2 18. Bxh6 Bxh1 19. Bxg7 1-0

[Event "Ontario op"]
[Site "Ottawa CAN"]
[Date "2017.05.22"]
[Round "6"]
[White "Gordon, David"]
[Black "Cai, Jason"]
[Result "0-1"]
[WhiteElo "2315"]
[BlackElo "1946"]
[WhiteFideId "-1"]
[WhiteFideId "-1"]
[PlyCount "112"]
[GameId "2160767908411379"]
[EventDate "2017.05.20"]
[EventType "swiss"]
[EventRounds "6"]
[EventCountry "CAN"]
[SourceTitle "EXT 2022"]
[Source "ChessBase"]
[SourceDate "2021.10.06"]
[SourceVersion "1"]
[SourceVersionDate "2021.10.06"]
[SourceQuality "1"]

1. d4 e6 2. Nf3 f5 3. Bg5 Nf6 4. e3 h6 5. Bxf6 Qxf6 6. Bd3 d5 7. Ne5 g6 8. Nd2 Nd7 9. f4 Nxe5 10. fxe5 Qh4+ 11. g3 Qd8 12. Qf3 Bd7 13. O-O-O c5 14. c3 Qa5 15. g4 O-O-O 16. gxf5 gxf5 17. Kb1 Be7 18. Nb3 Qc7 19. Nxc5 Bxc5 20. dxc5 Qxc5 21. Rhg1 Rdg8 22. Rg3 Bb5 23. Bc2 Rg5 24. Rdg1 Rhg8 25. h4 Be2 26. Qf4 Rxg3 27. Rxg3 Rxg3 28. Qxg3 Bg4 29. Bd3 Qe7 30. Kc2 a6 31. e4 dxe4 32. Bxe4 Qd7 33. Bf3 Bxf3 34. Qxf3 Qa4+ 35. Kb1 Qxh4 36. Kc2 Qe4+ 37. Qxe4 fxe4 38. Kd2 Kc7 39. Ke3 Kc6 40. Kxe4 Kc5 41. b3 a5 42. c4 b6 43. Kd3 h5 44. Ke4 h4 45. Kf4 Kd4 46. Kg4 Kxe5 47. Kxh4 Kf4 48. a3 e5 49. b4 axb4 50. axb4 e4 51. Kh3 Kf3 52. c5 bxc5 53. bxc5 e3 54. c6 e2 55. c7 e1=Q 56. c8=Q Qg3# 0-1

[Event "Ontario op"]
[Site "Ottawa CAN"]
[Date "2017.05.22"]
[Round "6"]
[White "Sambuev, Bator"]
[Black "Nicholson, Matthew"]
[Result "1-0"]
[WhiteElo "2599"]
[BlackElo "2328"]
[WhiteFideId "-1"]
[WhiteFideId "-1"]
[PlyCount "47"]
[GameId "2160767908411381"]
[EventDate "2017.05.20"]
[EventType "swiss"]
[EventRounds "6"]
[EventCountry "CAN"]
[SourceTitle "EXT 2022"]
[Source "ChessBase"]
[SourceDate "2021.10.06"]
[SourceVersion "1"]
[SourceVersionDate "2021.10.06"]
[SourceQuality "1"]

1. e4 c5 2. Ne2 d6 3. g3 g6 4. Bg2 Bg7 5. c3 Nc6 6. d4 e5 7. Be3 b6 8. O-O Nf6 9. h3 O-O 10. f4 cxd4 11. cxd4 exd4 12. Nxd4 Nxd4 13. Bxd4 Bb7 14. Nc3 Re8 15. Re1 Rc8 16. Qd3 Qc7 17. Rad1 Qc4 18. Qxc4 Rxc4 19. b3 Rxd4 20. Rxd4 Nd5 21. e5 Nxc3 22. Bxb7 dxe5 23. Rc4 Nb5 24. Bc6 1-0

[Event "Ontario op U1900"]
[Site "Ottawa CAN"]
[Date "2017.05.20"]
[Round "1"]
[White "Xiao, Edward"]
[Black "Laurin, Marcel"]
[Result "1/2-1/2"]
[WhiteElo "1584"]
[BlackElo "1750"]
[WhiteFideId "-1"]
[WhiteFideId "-1"]
[PlyCount "76"]
[GameId "2160767908411384"]
[EventDate "2017.05.20"]
[EventType "swiss"]
[EventRounds "6"]
[EventCountry "CAN"]

1. d4 d5 2. c4 e5 3. e3 e4 4. Nc3 Bb4 5. Qb3 Bxc3+ 6. bxc3 c6 7. cxd5 cxd5 8. c4 Nf6 9. cxd5 O-O 10. Bc4 a6 11. a4 b6 12. Ba3 Re8 13. d6 Be6 14. Bxe6 fxe6 15. Ne2 Nbd7 16. O-O Nd5 17. Nc3 N7f6 18. Nxd5 Nxd5 19. Qc2 Rc8 20. Qxe4 Qd7 21. Rfc1 Nc3 22. Qd3 Nxa4 23. Qxa6 Nc3 24. Qd3 Nd5 25. e4 Nf4 26. Qe3 Ng6 27. e5 Rf8 28. Rxc8 Rxc8 29. Rc1 h6 30. Rxc8+ Qxc8 31. Qc1 Qd7 32. g3 Qa4 33. Qc8+ Kh7 34. Bb2 Qd1+ 35. Kg2 Nf4+ 36. gxf4 Qg4+ 37. Kh1 Qf3+ 38. Kg1 Qd1+ 1/2-1/2

[Event "Ontario op U1900"]
[Site "Ottawa CAN"]
[Date "2017.05.20"]
[Round "2"]
[White "Laurin, Marcel"]
[Black "Nakagawa, Seiji"]
[Result "1-0"]
[WhiteElo "1750"]
[BlackElo "1808"]
[WhiteFideId "-1"]
[WhiteFideId "-1"]
[PlyCount "23"]
[GameId "2160767908411385"]
[EventDate "2017.05.20"]
[EventType "swiss"]
[EventRounds "6"]
[EventCountry "CAN"]

1. d4 g6 2. Bf4 Bg7 3. Nf3 d6 4. Nc3 Nc6 5. h3 e5 6. dxe5 Nxe5 7. Bxe5 dxe5 8. Qxd8+ Kxd8 9. O-O-O+ Bd7 10. e4 c6 11. Bc4 f6 12. Be6 1-0

[Event "Ontario op U1900"]
[Site "Ottawa CAN"]
[Date "2017.05.22"]
[Round "6"]
[White "Clarke, Brian"]
[Black "Danilov, Alex"]
[Result "0-1"]
[WhiteElo "1689"]
[BlackElo "1760"]
[WhiteFideId "-1"]
[WhiteFideId "-1"]
[PlyCount "70"]
[GameId "2160767908411386"]
[EventDate "2017.05.20"]
[EventType "swiss"]
[EventRounds "6"]
[EventCountry "CAN"]

1. d4 Nf6 2. Nf3 d5 3. Bf4 g6 4. Qc1 Bg7 5. c3 c6 6. h3 Nbd7 7. e3 O-O 8. Bd3 Re8 9. O-O Nh5 10. Bh2 e5 11. dxe5 Nxe5 12. Be2 Nxf3+ 13. Bxf3 Qg5 14. Kh1 Qh4 15. Qd1 Be5 16. Bxh5 gxh5 17. Qf3 Bg4 18. Bg3 Qxh3+ 19. gxh3 Bxf3+ 20. Kh2 h4 21. Bxe5 Rxe5 22. Nd2 Bh5 23. Rg1+ Kh8 24. Nb3 Rg8 25. Rxg8+ Kxg8 26. Rg1+ Kf8 27. Nc5 Rf5 28. f4 d4 29. Nxb7 dxe3 30. Nd8 Rxf4 31. Re1 Rf3 32. Kg2 Rg3+ 33. Kh2 e2 34. Nb7 Bf3 35. Na5 Rg2+ 0-1

[Event "Ontario op U2200"]
[Site "Ottawa CAN"]
[Date "2017.05.20"]
[Round "2"]
[White "Doubleday, William"]
[Black "Zheng, Richard"]
[Result "0-1"]
[WhiteElo "2028"]
[BlackElo "1923"]
[WhiteFideId "-1"]
[WhiteFideId "-1"]
[PlyCount "74"]
[GameId "2160767908411387"]
[EventDate "2017.05.20"]
[EventType "swiss"]
[EventRounds "6"]
[EventCountry "CAN"]

1. d4 d5 2. c4 e6 3. Nc3 Nf6 4. Nf3 c6 5. e3 Bd6 6. b3 O-O 7. Bb2 Nbd7 8. Be2 b6 9. O-O Bb7 10. cxd5 exd5 11. Qc2 Rc8 12. Bd3 Bb8 13. Rac1 Re8 14. Rfd1 Nf8 15. Bf5 Ne6 16. Ne5 g6 17. Bh3 Nd7 18. f4 Nxe5 19. dxe5 Qe7 20. Qf2 Rcd8 21. Ne2 Nc5 22. Ng3 Ne4 23. Nxe4 dxe4 24. Qc2 c5 25. Qc3 Rf8 26. e6 f6 27. Rd7 Rxd7 28. exd7 Ba6 29. g4 Qxd7 30. Qe1 g5 31. fxg5 Qd6 32. Rc2 fxg5 33. Rd2 Bd3 34. Rg2 Rf1+ 35. Qxf1 Bxf1 36. Kxf1 Qd1+ 37. Kf2 Qf3+ 0-1

[Event "Ontario op U2200"]
[Site "Ottawa CAN"]
[Date "2017.05.20"]
[Round "2"]
[White "Peterson, Curtis"]
[Black "Villeneuve, Robert"]
[Result "0-1"]
[WhiteElo "1975"]
[BlackElo "2142"]
[WhiteFideId "-1"]
[WhiteFideId "-1"]
[PlyCount "85"]
[GameId "2160767908411388"]
[EventDate "2017.05.20"]
[EventType "swiss"]
[EventRounds "6"]
[EventCountry "CAN"]

1. e4 c5 2. Nc3 Nc6 3. Bb5 Nd4 4. Bc4 e6 5. Nge2 Nxe2 6. Qxe2 Ne7 7. O-O Nc6 8. f4 Nd4 9. Qd1 Be7 10. d3 d6 11. f5 O-O 12. g4 Bd7 13. a4 a6 14. a5 Nc6 15. g5 Bxg5 16. fxe6 Bxe6 17. Bxe6 fxe6 18. Rxf8+ Kxf8 19. Qg4 Bxc1 20. Rxc1 Qe7 21. Ne2 Ne5 22. Rf1+ Kg8 23. Qh3 Re8 24. Nf4 Qg5+ 25. Kh1 Qg4 26. Qxg4 Nxg4 27. h3 Ne5 28. Kg2 Nc6 29. Ra1 Kf7 30. c3 g5 31. Ne2 Rf8 32. b4 cxb4 33. cxb4 Nxb4 34. Rb1 Nxd3 35. Rxb7+ Kg6 36. Nd4 Nc5 37. Rb6 Rd8 38. e5 dxe5 39. Nxe6 Nxe6 40. Rxe6+ Kf5 41. Rxa6 h5 42. Rb6 Rd2+ 43. Kf1 0-1

[Event "Outaouais-ch Reserve"]
[Site "Gatineau CAN"]
[Date "2017.04.18"]
[Round "1"]
[White "Bastien, Andre"]
[Black "Iyamuremye, Gervais"]
[Result "1-0"]
[WhiteElo "1829"]
[BlackElo "1454"]
[WhiteFideId "-1"]
[WhiteFideId "-1"]
[PlyCount "57"]
[GameId "2160767908411854"]
[EventDate "2017.04.18"]
[EventType "swiss"]
[EventRounds "7"]
[EventCountry "CAN"]
[SourceTitle "EXT 2022"]
[Source "ChessBase"]
[SourceDate "2021.10.06"]
[SourceVersion "1"]
[SourceVersionDate "2021.10.06"]
[SourceQuality "1"]

1. d4 Nf6 2. Nf3 d5 3. e3 e6 4. Bd3 c5 5. c3 Nc6 6. O-O c4 7. Bc2 Be7 8. Nbd2 O-O 9. Qe2 a6 10. e4 b5 11. Re1 Re8 12. e5 Nd7 13. Ne4 b4 14. Neg5 g6 15. h4 Nf8 16. Nh2 f6 17. exf6 Bxf6 18. Ba4 Bd7 19. Bxc6 Bxc6 20. Ng4 Kg7 21. Ne5 Bxe5 22. Qxe5+ Qf6 23. Qd6 Bd7 24. Qxb4 h6 25. Nf3 Qe7 26. Qa5 Nh7 27. Qc7 Bc8 28. Qf4 g5 29. hxg5 1-0

[Event "Outaouais-ch Reserve"]
[Site "Gatineau CAN"]
[Date "2017.04.18"]
[Round "1"]
[White "Berthiaume, Serge"]
[Black "Traversy, Pierre"]
[Result "1-0"]
[WhiteElo "1518"]
[BlackElo "1210"]
[WhiteFideId "-1"]
[WhiteFideId "-1"]
[PlyCount "123"]
[GameId "2160767908411855"]
[EventDate "2017.04.18"]
[EventType "swiss"]
[EventRounds "7"]
[EventCountry "CAN"]
[SourceTitle "EXT 2022"]
[Source "ChessBase"]
[SourceDate "2021.10.06"]
[SourceVersion "1"]
[SourceVersionDate "2021.10.06"]
[SourceQuality "1"]

1. c4 e5 2. Nc3 Nc6 3. g3 Nf6 4. Bg2 b6 5. Nf3 Rb8 6. O-O Bb7 7. Nd5 d6 8. d3 h6 9. a3 Nxd5 10. cxd5 Ne7 11. e4 Ng6 12. Qa4+ Qd7 13. Qxa7 Qd8 14. Qa4+ Qd7 15. Qd1 Be7 16. Be3 O-O 17. Rc1 Qd8 18. Qb3 f5 19. Nd2 f4 20. gxf4 Nxf4 21. Bxf4 Rxf4 22. Qc3 Ba6 23. Nc4 Rb7 24. Ne3 Qd7 25. Nf5 Rg4 26. Ng3 Rg5 27. f4 exf4 28. Rxf4 Bf6 29. Qd2 Rxg3 30. Rxf6 Rxd3 31. Qf2 Qe7 32. Rf3 Rxf3 33. Qxf3 Qg5 34. Rc2 Ra7 35. Kh1 Bc8 36. Rf2 Qe7 37. Bf1 Bd7 38. Qe3 Ra8 39. Rg2 Qf6 40. Rf2 Qe7 41. Bg2 Rf8 42. Rxf8+ Kxf8 43. Kg1 Qe5 44. Qf2+ Qf6 45. Qc2 Qd4+ 46. Kf1 Qc5 47. Qxc5 bxc5 48. b3 Bb5+ 49. Kf2 c6 50. Bf1 Ke7 51. a4 Bxf1 52. Kxf1 cxd5 53. exd5 Kd7 54. Ke2 Kc7 55. h4 g5 56. hxg5 hxg5 57. Kf3 Kb6 58. Kg4 Ka5 59. Kxg5 c4 60. bxc4 Kxa4 61. Kf6 Kb4 62. Ke6 1-0

[Event "Outaouais-ch Reserve"]
[Site "Gatineau CAN"]
[Date "2017.04.18"]
[Round "1"]
[White "Bilodeau, Victor"]
[Black "Simard, Paul"]
[Result "1-0"]
[WhiteElo "1692"]
[BlackElo "1228"]
[WhiteFideId "-1"]
[WhiteFideId "-1"]
[PlyCount "77"]
[GameId "2160767908411856"]
[EventDate "2017.04.18"]
[EventType "swiss"]
[EventRounds "7"]
[EventCountry "CAN"]
[SourceTitle "EXT 2022"]
[Source "ChessBase"]
[SourceDate "2021.10.06"]
[SourceVersion "1"]
[SourceVersionDate "2021.10.06"]
[SourceQuality "1"]

1. e4 e5 2. Nf3 d6 3. Bc4 Be7 4. O-O Nf6 5. Re1 b6 6. Nc3 c6 7. d4 O-O 8. dxe5 dxe5 9. Qxd8 Bxd8 10. Nxe5 b5 11. Bb3 Nbd7 12. Nxc6 Nc5 13. Nxd8 Nxb3 14. cxb3 Rxd8 15. Bg5 Rd7 16. Bxf6 gxf6 17. Nxb5 Ba6 18. Nc3 Rad8 19. Nd5 Kg7 20. Ne3 Kg8 21. Red1 Bd3 22. f3 Bb5 23. Rxd7 Rxd7 24. Nd5 Kg7 25. Rc1 h5 26. a4 Bd3 27. Rc3 Ba6 28. Kf2 Rd8 29. Rc7 Rb8 30. Rxa7 Bd3 31. b4 Bc4 32. b5 Bxd5 33. exd5 Rd8 34. b6 Rxd5 35. Ke3 Re5+ 36. Kf2 Rc5 37. b4 Rc2+ 38. Kg3 Kg6 39. b7 1-0

[Event "Outaouais-ch Reserve"]
[Site "Gatineau CAN"]
[Date "2017.04.18"]
[Round "1"]
[White "Bourbonnais, Luc"]
[Black "Danilov, Alex"]
[Result "0-1"]
[WhiteElo "1277"]
[BlackElo "1705"]
[WhiteFideId "-1"]
[WhiteFideId "-1"]
[PlyCount "84"]
[GameId "2160767908411857"]
[EventDate "2017.04.18"]
[EventType "swiss"]
[EventRounds "7"]
[EventCountry "CAN"]
[SourceTitle "EXT 2022"]
[Source "ChessBase"]
[SourceDate "2021.10.06"]
[SourceVersion "1"]
[SourceVersionDate "2021.10.06"]
[SourceQuality "1"]

1. e4 c5 2. Nf3 e6 3. d3 Nc6 4. g3 d5 5. Nbd2 Nf6 6. Bg2 Bd6 7. O-O O-O 8. Re1 Qc7 9. Nf1 h6 10. c3 dxe4 11. dxe4 e5 12. Ne3 Be6 13. Nd5 Bxd5 14. exd5 Ne7 15. c4 Nf5 16. Be3 Nxe3 17. Rxe3 Ng4 18. Re2 f5 19. h3 Nf6 20. Nh2 e4 21. Nf1 Rae8 22. Qe1 g5 23. Rc1 Nd7 24. Rc3 Ne5 25. b3 Re7 26. Kh2 Nd3 27. Qd2 Be5 28. Rc2 Bd4 29. a3 Rfe8 30. a4 Qb6 31. Ne3 Bxe3 32. Rxe3 Qxb3 33. a5 Qa4 34. f3 Qd7 35. fxe4 Nb4 36. Rcc3 fxe4 37. Qe1 Qf5 38. Qb1 Nd3 39. Qc2 h5 40. Bxe4 Rxe4 41. Qxd3 Qf2+ 42. Kh1 Qxe3 0-1

[Event "Outaouais-ch Reserve"]
[Site "Gatineau CAN"]
[Date "2017.04.18"]
[Round "1"]
[White "Clermont, Yves"]
[Black "Piche, Guy"]
[Result "0-1"]
[WhiteElo "1223"]
[BlackElo "1645"]
[WhiteFideId "-1"]
[WhiteFideId "-1"]
[PlyCount "46"]
[GameId "2160767908411858"]
[EventDate "2017.04.18"]
[EventType "swiss"]
[EventRounds "7"]
[EventCountry "CAN"]
[SourceTitle "EXT 2022"]
[Source "ChessBase"]
[SourceDate "2021.10.06"]
[SourceVersion "1"]
[SourceVersionDate "2021.10.06"]
[SourceQuality "1"]

1. e4 d6 2. Nf3 Nf6 3. Nc3 Nbd7 4. d3 e5 5. Be2 Be7 6. Be3 O-O 7. O-O c6 8. Qd2 h6 9. a4 Ng4 10. Nd1 Nxe3 11. Nxe3 Nc5 12. Nf5 Bxf5 13. exf5 Bf6 14. Ra2 e4 15. dxe4 Nxe4 16. Qb4 Nc5 17. Rd1 b6 18. Qf4 Nd7 19. Ba6 Nc5 20. Rxd6 Qc7 21. Nd4 Rad8 22. Rxd8 Qxf4 23. Rxf8+ Kxf8 0-1

[Event "Outaouais-ch Reserve"]
[Site "Gatineau CAN"]
[Date "2017.04.18"]
[Round "1"]
[White "Labelle, Raymond"]
[Black "Lepine, Louis"]
[Result "1-0"]
[WhiteElo "1499"]
[BlackElo "1103"]
[WhiteFideId "-1"]
[WhiteFideId "-1"]
[PlyCount "59"]
[GameId "2160767908411859"]
[EventDate "2017.04.18"]
[EventType "swiss"]
[EventRounds "7"]
[EventCountry "CAN"]
[SourceTitle "EXT 2022"]
[Source "ChessBase"]
[SourceDate "2021.10.06"]
[SourceVersion "1"]
[SourceVersionDate "2021.10.06"]
[SourceQuality "1"]

1. e4 e5 2. Nf3 Nc6 3. Nc3 Nf6 4. d3 Bb4 5. Bd2 O-O 6. Be2 d6 7. O-O Be6 8. Bg5 d5 9. exd5 Bxd5 10. Nxd5 Qxd5 11. Bxf6 gxf6 12. a3 Bc5 13. b4 Bd4 14. c4 Qe6 15. Rb1 e4 16. dxe4 Qxe4 17. b5 Rad8 18. Bd3 Bxf2+ 19. Rxf2 Rxd3 20. Nd2 Rfd8 21. bxc6 Re3 22. Nxe4 Rxd1+ 23. Rxd1 Rxe4 24. cxb7 Rxc4 25. b8=Q+ Kg7 26. Rf3 c5 27. Rg3+ Kh6 28. Qf8+ Kh5 29. Qg7 Kh4 30. Qxh7# 1-0